| 000 | 01029nam a22002295i 4500 | ||
|---|---|---|---|
| 001 | 166036 | ||
| 003 | ES-MaACL | ||
| 005 | 20250726063044.0 | ||
| 008 | 050919s1886 it | |||||||| ||ita d | ||
| 080 | _a550.348.436(460.35)"18" | ||
| 100 | 1 |
_aTaramelli, Torquato, _d1845-1922 _eaut _9224308 |
|
| 245 | 1 | 3 |
_aIl terremoti andalusi cominciati il 25 dicembre 1884 : _bmemoria / _cdi T. Taramelli e G. Mercalli |
| 260 |
_aRoma : _b[s.n.], _c1886 _f(Tip. della R. Academia dei Lincei) |
||
| 300 |
_a110 páginas, [2] hojas plegadas de mapas, [2] hojas de láminas ; _c30 cm |
||
| 594 | _aPrecede al tít.: Reale Accademia dei Lincei (Anno CCLXXXIII, 1885-86) | ||
| 650 | 4 |
_aTerremotos- _zAndalucía- _yS.XIX _917487 |
|
| 700 | 1 |
_aMercalli, Giuseppe, _d1850-1914 _eaut _9129847 |
|
| 852 |
_aES-MaACL _cDEPOF _hLegado de Federico de Botella y de Hornos _jT-896-F-2 _xEnc. en un vol. facticio _xHolandesa, conservando enc. original |
||
| 942 |
_2udc _cFOLLETOS _n0 |
||
| 999 |
_c166036 _d166036 |
||